000
00238nam a22000857a 4500
008
160914b xxu||||| |||| 00| 0 eng d
100
_9
447
_a
Singal.J.P. etal
245
_a
Social Science-Map.W- 10
260
_a
New Delhi
_b
Amanda Publications
_c
2011
999
_c
3106
_d
3106